| 000 | 01137nam a2200337 a 4500 | ||
|---|---|---|---|
| 001 | 000110461 | ||
| 003 | CHAP | ||
| 005 | 20220329144134.0 | ||
| 008 | 140829s2014 mx a |r| |||||||spa d | ||
| 010 | _a106923 | ||
| 011 | _a107895 | ||
| 040 | _cCHAP | ||
| 090 | _aFolleto 18459 | ||
| 245 | 0 | 0 |
_aEstadísticas a propósito de ... : _bla Industria automotriz / _cpor Instituto Nacional de Estadística y Geografía. |
| 260 |
_aAguascalientes, Méx. : _bINEGI, _c[2014]. |
||
| 300 |
_a33 p. : _bil. |
||
| 590 |
_aE11695DGD _b10 _c20140908 _lUCH01 _h1028 |
||
| 590 |
_aE6096MTM _b05 _c20140829 _lUCH01 _h1335 |
||
| 590 |
_aE6096MTM _b05 _c20140829 _lUCH01 _h1345 |
||
| 650 | 1 | 4 |
_aComercio exterior _zMéxico. _925638 |
| 650 | 1 | 4 |
_aCostos de producción. _928514 |
| 650 | 1 | 4 |
_aEmpresas _zMéxico. _936646 |
| 650 | 1 | 4 |
_aIndustria automotriz _xMéxico. _957779 |
| 650 | 1 | 4 |
_aIndustria _xAspectos económicos. _957690 |
| 650 | 1 | 4 |
_aIndustria _xEstadísticas _zMéxico. _957721 |
| 650 | 1 | 4 |
_aProductividad del trabajo. _991869 |
| 710 | 2 |
_aInstituto Nacional de Estadística y Geografía _959300 |
|
| 901 | _aBK | ||
| 942 | _cFOLL | ||
| 942 | _n0 | ||
| 999 |
_c106923 _d106923 |
||